000 00335 a2200109 4500
001 ART_28175
005 20260410161604.0
008 260409a
245 1 0 _aEl proceso de globalización y contabilidad
100 1 _aLang, Víctor Manuel
773 0 _tProfesional & Empresaria
_g- Año XVI, Nº 186 (mar. 2015)
_wREV70
999 _c9952
_d9952